Modelové proměření dynamických vlastností svazků trubek s vůlemi v mezistěnách

Bibliographic Details
Main Authors: Linhart, Jiří (Author), Hruška, Jiří (Author)
Format: Article
Language:Slovak
Czech
PhysicalDescription:Obr. 2. Tb. 1. Grafy 7. Sch. 1. Diagr. 1. Res. rus., angl., lit. 7 zázn. v angl.
Subjects:

MARC

LEADER 00000nab a2200000 a 4500
001 vtls000282703
003 SK-MaSNL
005 20260304060545.0
008 250422c1987 xo 0 slo
015 |a SNBRB19rr/mm-uuuuu 
035 |a CL0292821 
035 |a urn:nbn:sk:snk-abbh2e 
035 |a (urnnbn)urn:nbn:sk:snk:ar-a09sob 
035 |a (uuid)bf5f5640-c9cf-4023-b7ed-d2b5bd2ef026 
040 |a SNKBUCL  |b slo  |c SNKBUCL  |e AACR2 
041 0 |a cze 
044 |a xo  |c SK 
080 |a 534.1:532.5  |2 1981 
080 |a 532.5  |2 1981 
080 |a 531.8  |2 1981 
100 1 |a Linhart, Jiří  |4 aut  |9 410309 
245 1 0 |a Modelové proměření dynamických vlastností svazků trubek s vůlemi v mezistěnách  |c Jiří Linhart, Jiří Hruška 
300 |b Obr. 2. Tb. 1. Grafy 7. Sch. 1. Diagr. 1. Res. rus., angl., lit. 7 zázn. v angl. 
650 0 7 |a trubky  |2 snkbucl  |9 1343355 
650 0 7 |a kmitanie telies  |2 snkbucl  |9 1004371 
655 7 |a články z novín a časopisov  |2 snkbucl  |9 267496 
700 1 |a Hruška, Jiří  |4 aut  |9 583348 
773 0 |t Strojnícky časopis  |g Roč. 38, č. 2 (1987), s. 159-176 
850 |a Slovenská národná knižnica 
852 |a Slovenská národná knižnica 
958 |a article15 
958 |a OND 
958 |a NB 
958 |a RK 
958 |a CZ 
958 |a EUIPO 
992 |a RBX 
999 |c 2728981  |d 2730911